[Event "Budapest zt 1.4"]
[Site "Budapest"]
[Date "2000.06.20"]
[Round "4"]
[White "Grigore, George Gabriel"]
[Black "Pinter, Jozsef"]
[Result "0-1"]
[WhiteElo "2521"]
[BlackElo "2553"]
[Annotator "Golod,V"]
[PlyCount "82"]
[EventDate "2000.06.17"]
[EventType "swiss"]
[EventRounds "9"]
[EventCountry "HUN"]
[SourceTitle "CBM 078"]
[Source "ChessBase"]
[SourceDate "2000.10.18"]
[SourceVersion "1"]
[SourceVersionDate "2000.10.18"]
[SourceQuality "1"]

1. d4 Nf6 2. c4 e6 3. Nc3 Bb4 4. Qc2 O-O 5. a3 Bxc3+ 6. Qxc3 b6 7. Bg5 Bb7 8.
e3 d6 9. f3 $5 (9. Nf3 $5 {You can see comments to games: Dreev,A-Salov,V/
Elista,1998/CBM65(1/2-1/2) (Golod,V)(36) and Dreev,A-Razuvaev,Y/St.Petersburg,
1998/ CBM67(1-0)(Golod,V)(40)}) 9... Nbd7 (9... h6 $5 {See comments to
Schandorff,L-Hansen,C/ Taastrup,1998/CBM 65 (1/2-1/2) (Golod,V)(35)}) 10. Bd3
c5 (10... h6 $5 {See comments to Ivanov,S-Chepukaitis,G/St.Petersburg, 2000/
CBM 77 (Golod,V)(60)}) 11. Ne2 $5 ({In my opinion slightly worse is:} 11. dxc5
{See comments to Lev,R-Wells,P/Herzliya, 1998/CBM 68(1/2-1/2)(Golod,V)(28)}) ({
and} 11. b4 {See comments to Gershon,A-Beliavsky,A/Saint Vincent,2000 /CBM 78 
(1/2-1/2)(Golod,V)(25)}) 11... Rc8 ({Also} 11... h6) ({and} 11... cxd4 {
repeatedly was checked in the previous games.}) 12. Qb3 $5 {Also white has few
options:} (12. b4 $6 {See comments to Cramling,P-Kortschnoj,V/Marbella,1999/
CBM 74 (1/2-1/2)(Golod,V)(23)}) (12. Qd2 {See comments to Toth,C-Razuvaev,Y/
Dortmund,1992/CBM 29(0-1)(Dautov)(30)}) ({and} 12. O-O) 12... cxd4 $5 {[%mdl 4]
Besides this move black has several options:} (12... Ba6 $5 13. Qa4 Nb8 14. O-O
cxd4 15. Nxd4 h6 16. Bh4 d5 17. Rac1 Qd7 18. Qb3 dxc4 19. Bxc4 Bxc4 20. Rxc4
Rxc4 21. Qxc4 Nd5 {+/=/= Sokolov,I-Epishin,V/Vlissingen,2000 (1/2-1/2)(42)}) (
12... d5 $5 {See comments to Adianto,U-Karpov,A/ Jakarta,1997/CBM 63(1-0)
(Ftacnik)(61)}) (12... h6 $5 {See comments to Lautier,J-Karpov,A/ Linares,1995/
CBM 46(0-1)(Dautov,R)(40)}) 13. exd4 Ba6 {/\Qc7(קc4)} ({Was checked in the
previous games:} 13... d5 14. O-O (14. cxd5 $143 Bxd5 15. Qd1 Bc4 $11 {Kumaran,
D-Holmsgaard,H/Gausdal,1994 (1/2-1/2)(22)}) 14... dxc4 15. Bxc4 h6 16. Bh4 $13
{You can see comments to Sokolov,I-Almasi,Z/Groningen,1995/CBM 51(1-0)(Dautov,
R)(33)}) (13... e5 $6 14. Bf5 Rc7 15. Qb4 h6 16. Bh4 d5 17. cxd5 Bxd5 18. O-O
exd4 19. Nxd4 Rc4 20. Qd2 $14 {Drasko,M-Tozer,R/Budapest,1990(1-0)(52)}) (13...
h6 $143 14. Bh4 Qc7 15. O-O Rfe8 16. Rac1 Qb8 17. Qd1 d5 18. Qd2 dxc4 19. Bxc4
{+/=/= Dao Thien Hai-Quinn,M/Szeged,1994 (1-0)(67)}) 14. O-O $6 {Probably
George Grigore blundered,because he didn't see 15th black's move.} ({Can be
recommended:} 14. Qa4 {[%csl Ra6]} Nb8 {[%cal Gd6d5]} (14... Bb7 $5 15. O-O ({
impossibly:} 15. Bxf6 $6 Nxf6 $140 16. Qxa7 $4 {in view of:} Bc6 {[%csl Ra7]
[%cal Gc8a8]}) 15... Qc7 {+/=/=}) 15. Rd1 {with slight advantage of white.})
14... Qc7 {[%csl Rc4]} 15. Rac1 $2 {[%mdl 8192]} ({It is necessary:} 15. Bxf6
Nxf6 16. Rac1 $11) 15... Nc5 $1 {[%csl Gc7,Rg1,Rg5][%mdl 64] Beautiful
tactical blow.} 16. dxc5 (16. Qc2 $143 Nxd3 17. Qxd3 Bxc4 18. Qd2 Qe7 $17)
16... Qxc5+ 17. Kh1 $146 ({It deserves attention:} 17. Rf2 Qxg5 18. Qa4 Qa5 19.
Qxa5 bxa5 20. Nd4 Nd7 {=/+/-/+ Ivanov,S-Sjoberg,M/Stockholm,1999 (1-0)(80)} (
20... Rc7 $5 $17 {[%cal Gf8c8]})) 17... Qxg5 18. Qa4 {[%csl Ra6,Ra7]} Qa5 $8 ({
Very weakly:} 18... Qd2 {because of:} 19. Rc3 $13) 19. Qxa5 bxa5 {After queens
was exchanged black always will have big advantage in endgame,because of pawn
up.} 20. b4 {It's only move!} ({Differently white has a absolutely losing
position after:} 20. Rfd1 Rb8 21. Rb1 Rfc8 {[%csl Ga6,Rc4,Gc8,Rd3]}) 20... Nd7
{[%csl Rc4,Rd3][%cal Gd7e5]} 21. Rfd1 Ne5 22. b5 Bb7 23. Nd4 a4 $1 $17 {
Against 24.a4 /\ 25.Nb3(קa5)} 24. Be2 ({Is a possible continuation of the
play:} 24. f4 Nxd3 25. Rxd3 Rc5 {[%csl Rc4][%cal Gf8c8]} 26. Ne2 d5 27. cxd5
Rxc1+ 28. Nxc1 Rc8 29. Ne2 Bxd5 $17) 24... g5 {[%csl Yg5][%cal Yg5f4,Yg5h4]}
25. h4 h6 $1 {In my opinion this move a little bit better,than 25...gxh4.} 26.
hxg5 hxg5 27. Rc2 Rc5 {[%csl Rc4][%cal Gf8c8]} 28. Rb1 Nd7 $1 {[%cal Gd7b6]}
29. Rb4 Nb6 {[%csl Rc4][%cal Yb6a4,Gb6c4] It's ideal place for black's knight.}
30. Bd3 Rfc8 ({It deserves attention right away:} 30... Kg7 $5 {[%cal Gf8h8]})
31. Kh2 Kg7 32. Kg3 Rh8 $1 {[%cal Gh8h4]} 33. Ne2 Rh4 {/\d5} 34. Nc3 ({A
little worse is:} 34. Kf2 {-/+/-+}) 34... Nxc4 $1 35. Nxa4 $140 Nxa3 36. Rxc5
$2 ({More stubborn resistance after:} 36. Nxc5 Nxc2 (36... dxc5 $143 37. Rbb2 (
37. Rxh4 $2 gxh4+ 38. Kxh4 Nxc2 39. Bxc2 Kf6 $19) 37... Nxc2 (37... c4 $4 38.
Rc3 {[%csl Ra3]}) 38. Rxc2 Rd4 39. Be2 Rd7 40. Rxc5 $17) 37. Rb2 $1 (37. Rxh4
$2 gxh4+ 38. Kxh4 dxc5 39. Bxc2 Kf6 $19) 37... Ne1 38. Nxb7 Nxd3 39. Rd2 Rd4 {
-/+/-+}) 36... dxc5 ({Also good enough:} 36... Rxb4 37. Rxg5+ (37. Rc7 Rxa4 38.
Rxb7 Kf6 $19) 37... Kf6 38. Rg4 Rb3 $19 {[%csl Rb5,Rd3]}) 37. Rxh4 gxh4+ 38.
Kxh4 c4 $19 {[%csl Gc4]} 39. Be2 (39. Bf1 $144 Kf6 {[%cal Gf6e5]} 40. f4 Nxb5
41. Bxc4 Nd6 {[%csl Rg2]} 42. Bf1 $8 Nf5+ 43. Kh3 Ne3 $19) 39... Kf6 40. Kg3
Ke5 41. Nc5 Bd5 {White resigns in the absolutely losing position.} 0-1

[Event "RUS-ch 53rd"]
[Site "Samara"]
[Date "2000.06.19"]
[Round "3"]
[White "Sergienko, Sergey"]
[Black "Volzhin, Alexander"]
[Result "1/2-1/2"]
[WhiteElo "2425"]
[BlackElo "2548"]
[Annotator "Golod,V"]
[PlyCount "78"]
[EventDate "2000.06.03"]
[EventType "swiss"]
[EventRounds "11"]
[EventCountry "RUS"]
[SourceTitle "CBM 078"]
[Source "ChessBase"]
[SourceDate "2000.10.18"]
[SourceVersion "1"]
[SourceVersionDate "2000.10.18"]
[SourceQuality "1"]

1. d4 Nf6 2. c4 e6 3. Nc3 Bb4 4. Qc2 O-O 5. a3 Bxc3+ 6. Qxc3 Ne4 7. Qc2 f5 8.
Nh3 $5 ({Other lines are:} 8. g3 $5 {See comments to Golod,V-Tsesarsky,I/ISR,
2000(1-0) (Golod,V)(66)}) ({and} 8. e3 $5 {See comments to Kruppa,Y-Nosenko,A/
Donetsk,1998/CBM 68 (1-0)  (Golod,V)(48)}) 8... d6 $5 {Besides this move black
has five options:} (8... Nc6 $5 {See comments to Sokolov,I-De Firmian,N/ New
York CITS,1996/CBM 52(1/2-1/2) (Dautov)(23)}) (8... b6 $5 {See comments to
Lima,D-IzetaTxabarri,F/ Leon,1996/CBM 54(1-0)(Dautov)(47)}) (8... b5 $6 {
See comments to Dragomarezkij,E-Malinin,Y/Moscow,1999/ CBM 70(1-0)(Golod,V) 
(41)}) (8... d5 $6) ({and} 8... c5 $6) 9. f3 $5 {[%mdl 4]} ({Another
alternative is:} 9. b3 $5 {You can see comments to Knaak,R -Sjodahl,P/Germany,
2000/CBM 76 (1-0)(Golod,V)(32)}) 9... Nf6 10. e3 {It's main line.Other
possibilities are:} (10. Bd2) ({and} 10. Bg5) 10... e5 ({Other options are:} 
10... Qe7 $5 {See comments to Kharlov,A-Vyzmanavin,A/Novosibirsk,1995/ CBM 50 
(1-0)(Chekhov,V)(59)}) (10... c5 $5) (10... a5) ({and} 10... Nc6) 11. Be2 (11.
dxe5 $5 {Repeatedly was checked in the previous games.You can see comments to
Alterman,B-Gofshtein,L/Israel,1999/CBM 69 (1-0)(Alterman,B)(46)}) 11... f4 $5
$146 {[%csl Rh3][%cal Gc8h3]} (11... c5 $143 12. d5 Qe8 13. O-O Kh8 14. Nf2 Na6
15. b3 Bd7 16. Bb2 b5 17. f4 $14 {Anand,V-Psakhis,L/Haifa,2000(1-0)(67)}) (
11... exd4 $5 12. exd4 Nc6 13. Qd2 Nh5 14. f4 $6 (14. O-O $5 {+/=/=}) 14... Nf6
15. Nf2 d5 $1 {=/=/+ Baumegger,S-Zelcic,R/Oberwart,1997 (1/2-1/2)(47)}) (11...
Nc6 $5 12. d5 Ne7 13. Nf2 c6 14. dxc6 bxc6 15. b4 a5 16. Bb2 axb4 17. axb4
Rxa1+ 18. Bxa1 Ng6 19. Qd2 d5 {+/=/= Hillarp Persson,T-Hall,J/Limhamn,1998 (1/
2-1/2)(24)}) 12. Nf2 (12. dxe5 $144 dxe5 $8 ({Loses right away:} 12... Bxh3 13.
exf6 $18) 13. Nf2 (13. Ng5 $143 Nc6 $11 {[%cal Gh7h6]}) 13... Nc6 {transfer to
12.Nf2}) 12... Nc6 13. dxe5 ({Slight worse is:} 13. d5 {because of:} fxe3 (
13... Ne7 $6 14. exf4 exf4 15. O-O $14 (15. Bxf4 $6 Nfxd5 16. Bg5 Nf4 17. Qe4
Ne6 $11)) 14. Bxe3 Ne7 {with equality.}) 13... dxe5 14. O-O ({Pretty dubious:} 
14. exf4 {in view of:} Nd4 $36) 14... Qe7 $6 ({From my point of view much
better is:} 14... fxe3 15. Bxe3 Nd4 16. Qd2 $5 {with slight positional
advantage of white.} (16. Bxd4 $6 exd4 $11)) 15. Bd3 fxe3 16. Bxe3 Nd4 ({
Another alternative is:} 16... Rd8 {/\Nd4}) 17. Bxd4 exd4 18. Rfe1 $14 {<->e}
Qf7 19. Re5 $1 {Against 19...c5(weakness of pawn d4) and also /\20.Rae1<->e}
Re8 20. Rae1 Bd7 21. c5 $1 {[%csl Rf7,Rg8][%cal Gd3c4]} Rxe5 ({Can be
recommended:} 21... Kh8 22. Bc4 $140 Qh5 $1 (22... Qf8 23. Qd2 Rxe5 24. Rxe5 {
transfer to 21...Rxe5}) 23. Nd3 (23. Rxh5 $2 Rxe1+ 24. Bf1 Nxh5 25. Qd2 Rae8
$36) 23... Rxe5 24. Nxe5 Be8 $14 {[%csl Rd4][%cal Ya8d8]}) 22. Rxe5 Kh8 23. Bc4
Qf8 ({After:} 23... Qg6 $2 24. Qxg6 hxg6 25. Nd3 {white has a big advantage in
the endgame.}) 24. Qd2 {[%csl Rd4]} Rd8 $2 ({It is necessary:} 24... Bc6 $1 25.
Qxd4 $140 $6 (25. b4 $5 $14) 25... Nd7 26. Re3 $6 (26. Rh5 $5 Qe8 $44 {[%cal
Ge8h5,Ge8e1]} 27. Rf5 Qe1+ 28. Bf1 $14) 26... Qxc5 (26... Nxc5 $5 27. b4 Na4
28. b5 Be8 $13) 27. Qxc5 Nxc5 28. b4 Na4 29. Re7 (29. b5 Re8 $11 30. bxc6 $140
$4 Rxe3 31. cxb7 Re1+ 32. Bf1 Rb1 $19) 29... Re8 30. Rxe8+ (30. Rxc7 $2 Nb6 31.
Bf1 Nd5 32. Rf7 $2 (32. Rxc6 $142 bxc6 $17) 32... Kg8 33. Rf5 Re1 $19 {[%csl
Rf1,Rf5][%cal Gd5e3]}) 30... Bxe8 $11) 25. Qxd4 Bb5 26. Qf4 Bxc4 27. Qxc4 $16
Rd2 28. b4 c6 29. Re2 $6 ({It deserves attention:} 29. Re1 $5 $16 {[%csl Ye1]})
29... Qd8 $1 {<->d} 30. g3 ({Again better is:} 30. Re1) 30... h6 {[%csl Yh7]}
31. Kg2 ({In my opinion better is:} 31. Qe6) 31... Nd5 $1 32. Qe4 $6 {Again
inaccuracy.} (32. Kg1 $5 b5 33. cxb6 Rxe2 34. Qxe2 axb6 {+/=/=}) ({Very badly:
} 32. Rxd2 $4 Ne3+ 33. Kh3 (33. Kg1 $2 Qxd2 $19 {[%csl Rg1][%cal Ge3c4,Gd2e1]})
33... Qc8+ $1 (33... Qxd2 34. Qe6 Qxf2 35. Qe8+ Kh7 36. Qe4+ $11) 34. Qg4 Nxg4
35. fxg4 $8 Qe6 {=/+/-/+}) 32... Nc3 33. Qe8+ ({After:} 33. Rxd2 Qxd2 34. Qe8+
(34. Qd3 $143 Qb2 $44 {[%csl Ra3]}) 34... Kh7 35. f4 Nd1 (35... Qd5+ $143 36.
Kg1 Nb1 37. Qe3) 36. Qe4+ g6 37. Qf3 Ne3+ 38. Kh3 h5 {black has a good
compensation behind pawn.}) 33... Qxe8 34. Rxe8+ Kh7 35. Kf1 ({Also equality
after:} 35. Kg1 Ra2 36. Re7 Ra1+ 37. Kg2 Ra2 {[%cal Gc3d1]} 38. Rd7 $6 (38. Kg1
$11) 38... Nd5 39. f4 $140 Nf6 $1 {[%csl Rf2][%cal Gf6e4,Gf6g4]} 40. Rxb7 Ng4
41. Kf3 Nxh2+ (41... Nxf2 $5 42. Rxa7 Nd3 $13) 42. Ke3 Nf1+ {[%csl Rf2]} 43.
Kf3 Nh2+ $11) 35... Ra2 {[%csl Ra3]} 36. Re7 Nd5 $1 $11 {[%csl Ra3]} 37. Rxb7
$140 Ne3+ 38. Ke1 $8 (38. Kg1 $4 Ra1+ 39. Nd1 Rxd1+ 40. Kf2 Nc2 41. Rxa7 Rd3
$17) 38... Ng2+ 39. Kf1 $8 Ne3+ 1/2-1/2

[Event "UKR-ch 73rd"]
[Site "Kharkov"]
[Date "2004.08.26"]
[Round "2.1"]
[White "Malakhatko, Vadim"]
[Black "Volokitin, Andrei"]
[Result "0-1"]
[WhiteElo "2555"]
[BlackElo "2638"]
[Annotator "Golod,V"]
[PlyCount "88"]
[EventDate "2004.08.03"]
[EventType "k.o."]
[EventRounds "5"]
[EventCountry "UKR"]
[SourceTitle "CBM 103"]
[Source "ChessBase"]
[SourceDate "2004.11.11"]
[SourceVersion "1"]
[SourceVersionDate "2004.11.11"]
[SourceQuality "1"]

1. d4 Nf6 2. c4 e6 3. Nc3 Bb4 4. Qc2 O-O 5. a3 Bxc3+ 6. Qxc3 b6 7. Bg5 Bb7 8.
e3 d6 9. Ne2 Nbd7 10. Qd3 ({Nowadays,less popular is:} 10. Qc2 {You can see my
annotations to game: Kacheishvili,G-Polgar,J/Batumi,1999/CBM 74(0-1)(33)})
10... c5 $5 {Relatively new continuation,that was used first time in last year,
but without especial success.} ({The main alternative continuation is:} 10...
Ba6 {You can see my comments to Berkes,F-Beliavsky,A/Paks,2004/CBM 102(1/2-1/2)
(28)}) 11. Nc3 {Most logical reaction.White continues to develop his pieces
and want to proceed his pawn to "d5".} Qe7 12. Rd1 Rfd8 13. d5 {ץb7} Ne5 14.
Qc2 h6 ({Too passive is:} 14... exd5 15. Nxd5 Bxd5 16. Rxd5 h6 17. Bxf6 Qxf6
18. Be2 $14 {Holemar,D-Vyskocil,N/Brno,2004(1/2-1/2)(54)}) 15. Bh4 Ng6 (15...
exd5 16. Nxd5 Bxd5 17. Bxf6 Qxf6 18. Rxd5 Qe6 {/\b5(צd5) In comparison with
14...exd5,Black has earned an extra tempo,but White still better there.}) 16.
Bg3 exd5 $5 ({Usually the games,which have reached this position were
continued as follows:} 16... Nh5 $5 17. Be2 Nxg3 18. hxg3 a6 $5 (18... exd5
$143 19. Nxd5 $14 {You can see comments to Gurevich,M-Mchedlishvili,M/Istanbul
2003/CBM 96(1-0)(Gurevich,M)(68)} ({After:} 19. cxd5 {with rearrangement of
moves we receive a position from a game.})) 19. O-O Rdb8 20. a4 e5 21. Bd3 Nf8
22. g4 Qh4 $11 {Sokolov,I-Sokolov,A/Clermont-Ferrand,2003(1-0)}) 17. cxd5 $140
Nh5 18. Be2 Nxg3 19. hxg3 a6 {/\b5} 20. O-O $6 $146 {Strange decision.White
allows to his contender to develop activity in the queen side.} ({Better was
simply:} 20. a4 {[%csl Ya4][%cal Ya4b5]} Bc8 $6 ({Deserves the future check:} 
20... Re8 $5 {/\Rad8,Bc8 /^c8-h3 and things are far away from being clear
there.}) 21. O-O f5 22. Qd2 Bd7 23. Rb1 $14 {/\b4 Gurevich,M-Gelashvili,T/
Izmir,2003(1-0)(54)}) 20... b5 {After this move,White has no chances to
progress "b2-b4" and Black takes initiative to his hands.} 21. Rfe1 ({Too
agressive is:} 21. e4 $6 Re8 {/\b4 (קe4)}) 21... Re8 22. Bf1 {/\f4} Ne5 {
Black do not give the contender to limit his knight.} 23. e4 h5 $1 $15 {
[%csl Rg1][%cal Gh5h4]} 24. Qd2 {/\Qf4} ({Completely useless is:} 24. Be2 $143
h4 25. gxh4 (25. f4 $6 Nd7 26. gxh4 (26. g4 $2 {is refuted by:} b4 $1 27. axb4
cxb4 28. Na4 Qxe4 29. Qc7 Qe3+ 30. Kh1 $140 Bxd5 $1 31. Rxd5 (31. Qxd7 $4 Qh3+)
31... Qf2 $1 32. Rg1 $140 (32. Rdd1 Rxe2) 32... Ra7 {[%csl Ya7,Rc7,Re2][%cal
Ya7c7]}) 26... Qxh4 $15) 25... Qxh4 26. b4 Rac8 {/\g5 =/+}) ({Hardly it was
better:} 24. f4 Ng4 25. Rd2 Rac8 $15 {/\b4 (ףc2)}) 24... h4 25. Qf4 g5 $1 {
Typical move to such a type of positions.Black is taking control over
key-point "f4".} 26. Qe3 hxg3 27. Qxg3 Qf6 {[%csl Rf4][%cal Gf6f4]} 28. Re3 Kf8
$1 {/\Ke7-d7 Black finds the best place(><d7) for his king.Only then,he will
begin the attack on white's king side.} 29. b4 c4 $6 {Although it is a good
looking move,it is unaccurate one.No doubt, that Black has a clear advantage
after:} (29... cxb4 $142 30. axb4 Ke7 31. Ne2 $5 (31. Rc1 Rac8 $15) 31... Rh8
32. Nd4 Rh7 33. Nf5+ Kd7 {/\Rah8->}) 30. Ne2 $6 {/\Nd4-f5 White misses his
best chance. It was necessary to break a pawns structure of Black in the queen
side:} (30. a4 $1 bxa4 (30... Ke7 $2 31. axb5 axb5 32. Nxb5 Rh8 33. f3 $14 {
and White still hold an extra pawn,while Black's attack still existed,but
White still has enough defence resources.}) 31. Nxa4 Bc8 {/\Rb8(קb4)} 32. Nb6
Rb8 33. Nxc4 Nxc4 34. Bxc4 Rxb4 35. Bd3 $13) 30... Ke7 31. Nd4 Rh8 {<->h; עh1}
32. Nf5+ ({Cannot be suggested:} 32. a4 Kd7 33. Nf3 (33. axb5 $143 axb5 $17 34.
Nxb5 $140 Rh4 $1 (34... Qh6 $2 35. Qh3+) 35. f3 Rah8 $40 {[%csl Rg1][%cal
Ge5g4]}) 33... Nxf3+ 34. Rxf3 Qh6 35. Qh3+ Ke7 {/\g4} 36. Ra3 Qxh3 37. gxh3 f5
$1 {=/+/-/+}) 32... Kd7 33. Rc3 {/\Qe3} Kc7 $5 {Black prefers first to defend
from all possible countra-ideas such as Qe3-b6.} ({Another way to develop the
advantage is:} 33... Rh7 $5 34. Qe3 Rah8 35. f3 ({Unexpectedly at once loses a
game:} 35. Ng3 $4 {in view of:} Qf4 $1 {/\Qh4 and White should resign there,
because doesn't works:} ({White still alive after unaccurate move:} 35... Qh6
$6 36. f3 $15) 36. Qb6 $2 (36. Qxf4 $142 gxf4 $19 {[%csl Rg1,Yg3][%cal Gh7h1,
Gf4g3,Yg3h1]}) (36. Be2 $2 Rh1+ 37. Nxh1 Qh2+ 38. Kf1 Qxh1#) 36... Rh1+ $1 37.
Nxh1 Qh2#) 35... Qd8 36. Qa7 Qc7 $15) 34. Qe3 $6 (34. a4 $142 Bc8 35. Nd4 Bd7 {
/\Qh6 ->}) 34... Bc8 $17 35. f3 $2 {With loss of P White actually loses the
whole game.} ({It was necessary:} 35. Ng3 Ng4 (35... Qh6 $5 36. f3 $8 (36. Be2
$4 Qh2+ 37. Kf1 Qh1+ 38. Nxh1 Rxh1#) 36... Qh4 $1 37. Kf2 (37. Ne2 $2 Bg4 $3 {
/\38...Bxf3 -+}) 37... f5 (37... Bd7 $5 {/\Raf8,f5 -/+}) 38. exf5 Bxf5 39. Rd4
g4 40. f4 Nd7 {/\Rae8|^}) 36. Qd4 $140 Qxd4 ({everything but not:} 36... Qh6 $4
{in view of:} 37. Bxc4 $1 $40) 37. Rxd4 Ne5 {/\Bd7,Rh4,Rf8 and f5 -/+}) ({or} 
35. Nd4 Ng4 36. Qd2 {/\Rh3 or Bxc4} Bd7 (36... Qxf2+ $2 37. Qxf2 Rh1+ 38. Kxh1
Nxf2+ 39. Kg1 Nxd1 40. Rf3 $1 {קf7} f5 41. exf5 $13) 37. Re1 Rh2 38. Rh3 Rh8
$40) 35... Bxf5 36. exf5 Qxf5 $19 37. Rd4 Qb1 $6 {Attractive,but not necessary
move.} (37... Rh6 $142 $19 {/\Rah8}) 38. Qxg5 Rag8 39. Qe7+ (39. Qd2 $143 Rh5 {
/\Rgh8} 40. Qd1 Qxd1 41. Rxd1 Ng6 {/\Nf4 or Ne7 (קd5) -/+/-+}) (39. Qc1 $4
Qxc1 40. Rxc1 Nxf3+) 39... Kc8 40. Rd2 $2 {It's last mistake in a very
difficult position.} ({The last chance to extend the game was:} 40. Rh4 $1 Qd1
$1 {/\Nxf3+} (40... Rxg2+ $2 41. Kxg2 Qb2+ (41... Rg8+ $143 42. Kf2 Qb2+ 43.
Be2 Qxc3 44. Qa7 $1 $132) 42. Kh1 $1 (42. Kg3 $2 Rg8+) 42... Rxh4+ 43. Qxh4
Qxc3 44. Bh3+ Nd7 45. Qf4 $17) (40... Qe1 $2 {[%tqu "En","How to get a draw
with White here?","","","h4c4","",10]} 41. Rhxc4+ $1 (41. Rcxc4+ $144 bxc4 42.
Rxc4+) 41... bxc4 42. Rxc4+ Kb8 (42... Nxc4 $4 43. Qxe1) 43. Qxd6+ {[%csl Rb8,
Gc4,Gd6][%cal Gd6a6,Gc4c7]} Ka8 $8 44. Qxa6+ Kb8 45. Qb6+ Ka8 $11) 41. Qxd6 $1
(41. Rxh8 $4 Qd4+ 42. Kh2 Rxh8+ 43. Kg3 Qxc3 $19) 41... Rxh4 42. Qxa6+ Kd8 $1 (
42... Kc7 $2 43. Qa7+ Kd6 (43... Kd8 $144 44. Qb8+ Kd7 45. Qa7+ Ke8 46. Qb8+
$11) 44. Qc5+ Kd7 45. Qa7+ Ke8 46. Qb8+ Kd7 47. Qa7+ $11) 43. Qf6+ $8 (43. Qd6+
$2 Nd7) (43. Qb6+ $2 Ke7) 43... Kd7 44. Qxh4 Nxf3+ 45. Rxf3 Qxf3 46. Qd4 Qg3 (
46... Qxa3 $2 47. Qb6 $132) 47. Qc5 Rb8 {/\Qd6 -/+/-+}) {[%tqu "En","Black has
a typical sacrifice that completely destroys White's position?","","","h8h1",
"",10]} 40... Rh1+ $1 {[%mdl 64]} 41. Kxh1 Qxf1+ 42. Kh2 Rh8+ 43. Kg3 Qe1+ 44.
Rf2 Rg8+ {[%csl Re7,Rf2,Rg3,Gg8][%cal Ge1f2,Yg3f2,Ge5g6] The further
resistance is impossible.} 0-1